00801nam a22002417a 4500003000500000005001700005008004100022010000800063011000900071035000800080040000900088082001600097110005300113245004300166260002300209300001100232500001000243500015700253650002100410650003700431650002800468711006300496CHAP20220329132953.0971013s1989 it r 00010 eng d a798 a1770 a947 cCHAP04a636.08bF312 aFAO. División de Producción y Sanidad Animal1 aBiotechnology for livestock production aRome :bFAO,c1989 a452 p. a39-22 aProceedings of the expert Consultation on the Application of Biotechnology in Livestock Production and Healthin Developing Countries (1986: Rome, Italy)14aBiotecnología.14aGanadoxProducciónxCongresos.14aVeterinariaxCongresos.0 aExpert Consultation on the Application of Biotechnology...